| 000 | 01206nam a2200241Ia 4500 | ||
|---|---|---|---|
| 003 | Ost | ||
| 005 | 20260416102350.0 | ||
| 008 | 260416s9999||||xx |||||||||||||| ||und|| | ||
| 040 | _cfsecg | ||
| 041 | _aara | ||
| 082 | _a346.07 | ||
| 100 |
_aباشا، محمد _eمؤلف |
||
| 245 | 0 |
_aمحاضرات في قانون الأعمال / _c محمد باشا |
|
| 260 |
_aالجزائر _bجامعة الجزائر3: كلية العلوم الإقتصادية، العلوم التجارية وعلوم التسيير _c2002 |
||
| 300 |
_a51 ورقة _bايضاحات _c30 سم |
||
| 520 | _aلمحة عن ظهور قانون الاعمال، شركات الأشخاص، شركات الأموال، العقود التجارية، عمليات المصارف، الاسناد التجارية، التسوية القضائية و الافلاس. | ||
| 653 | _aالعقود التجارية | ||
| 653 | _aالقانون التجاري | ||
| 653 | _aشركات الاموال | ||
| 653 | _aعمليات المصارف | ||
| 710 |
_aجامعة الجزائر3: كلية العلوم الإقتصادية، العلوم التجارية وعلوم التسيير _eناشر علمي |
||
| 942 | _cHANDOUT | ||
| 999 |
_c40965 _d40965 |
||